[Event "BL2-West 0910"]
[Site "Germany"]
[Date "2010.04.11"]
[Round "9.6"]
[White "Kober, Thorsten"]
[Black "Reinderman, Dimitri"]
[Result "0-1"]
[WhiteElo "2226"]
[BlackElo "2572"]
[PlyCount "64"]
[EventDate "2009.10.18"]
[EventType "team-tourn"]
[EventRounds "9"]
[EventCountry "GER"]
[SourceTitle "EXT 2011"]
[Source "ChessBase"]
[SourceDate "2010.11.26"]
[SourceVersion "1"]
[SourceVersionDate "2010.11.26"]
[SourceQuality "1"]
[WhiteTeam "Gerresheim"]
[BlackTeam "Koeln Porz"]
[WhiteTeamCountry "GER"]
[BlackTeamCountry "GER"]

1. d4 f5 2. Nc3 d5 3. Bg5 g6 4. e3 Bg7 5. Nf3 c6 6. Be2 Nd7 7. Qd2 Ngf6 8. h3 0-0 9. 0-0 Ne4 10. Nxe4 dxe4 11. Ne1 h6 12. Bh4 g5 13. Bg3 e5 14. dxe5 Nxe5 15. Qb4 Qb6 16. Qxb6 axb6 17. Bxe5 Bxe5 18. Bc4+ Kg7 19. c3 b5 20. Bb3 c5 21. f3 c4 22. Bc2 b4 23. cxb4 Bxb2 24. Rd1 exf3 25. Rxf3 Rxa2 26. g4 f4 27. exf4 gxf4 28. Rd6 Rf6 29. Rd8 Be6 30. Ng2 Be5 31. Bf5 Bxf5 32. gxf5 Rxf5 0-1

[Event "BL2-West 0910"]
[Site "Germany"]
[Date "2009.11.15"]
[Round "2.8"]
[White "Kober, Thorsten"]
[Black "Geske, Julian"]
[Result "0-1"]
[WhiteElo "2226"]
[BlackElo "2276"]
[PlyCount "120"]
[EventDate "2009.10.18"]
[EventType "team-tourn"]
[EventRounds "9"]
[EventCountry "GER"]
[SourceTitle "EXT 2011"]
[Source "ChessBase"]
[SourceDate "2010.11.26"]
[SourceVersion "1"]
[SourceVersionDate "2010.11.26"]
[SourceQuality "1"]
[WhiteTeam "Gerresheim"]
[BlackTeam "Hofheim"]
[WhiteTeamCountry "GER"]
[BlackTeamCountry "GER"]

1. d4 Nf6 2. Nf3 g6 3. Bg5 Bg7 4. Nbd2 0-0 5. e4 h6 6. Bh4 d6 7. Bd3 Nc6 8. c3 e6 9. 0-0 Ne7 10. h3 Nh5 11. Nh2 Nf4 12. Bc2 g5 13. Bg3 Neg6 14. Re1 Nh4 15. Bxf4 gxf4 16. Qh5 Qg5 17. Qxg5 hxg5 18. Nhf3 Nxf3+ 19. Nxf3 Bh6 20. e5 f6 21. exf6 Rxf6 22. Re2 Bd7 23. Rae1 Re8 24. Nh2 Rff8 25. Bb3 Kf7 26. Re4 Bg7 27. Ng4 Rh8 28. f3 c6 29. Kf2 b6 30. R4e2 Bc8 31. Kg1 Re7 32. Nf2 d5 33. Ng4 Ba6 34. Ne5+ Bxe5 35. Rxe5 Kf6 36. Kf2 Bd3 37. Rc1 c5 38. Ke1 Rc8 39. Kd2 Bf5 40. a3 Rec7 41. Rce1 cxd4 42. cxd4 b5 43. R5e2 a5 44. Rd1 Bc2 45. Bxc2 Rxc2+ 46. Ke1 Rxe2+ 47. Kxe2 Rc2+ 48. Rd2 Rxd2+ 49. Kxd2 a4 50. Ke2 e5 51. Kd3 Ke6 52. Kc3 exd4+ 53. Kxd4 Kd6 54. Kc3 Kc5 55. Kd3 d4 56. h4 gxh4 57. Ke4 Kc4 58. Kxf4 Kd3 59. Ke5 Ke3 60. f4 d3 0-1

[Event "BL2-West 0607"]
[Site "Germany"]
[Date "2007.03.18"]
[Round "7.5"]
[White "Bewersdorff, Oliver"]
[Black "Kober, Thorsten"]
[Result "1-0"]
[WhiteElo "2299"]
[BlackElo "2261"]
[PlyCount "131"]
[EventDate "2006.10.15"]
[EventType "team-tourn"]
[EventRounds "9"]
[EventCountry "GER"]
[SourceTitle "EXT 2008"]
[Source "ChessBase"]
[SourceDate "2007.11.25"]
[SourceVersion "1"]
[SourceVersionDate "2007.11.25"]
[SourceQuality "1"]
[WhiteTeam "Schott Mainz"]
[BlackTeam "Gerresheim"]
[WhiteTeamCountry "GER"]
[BlackTeamCountry "GER"]

1. d4 d5 2. Nf3 Nf6 3. c4 c6 4. Qb3 Qb6 5. c5 Qxb3 6. axb3 Bg4 7. Ne5 Nbd7 8. Nd3 a6 9. b4 Rc8 10. Nd2 Bf5 11. Nb3 Bxd3 12. exd3 Ra8 13. g3 g6 14. Bh3 Bg7 15. Be3 0-0 16. Kd2 e6 17. Bf4 Rfc8 18. Rhe1 Kh8 19. Bd6 Ne8 20. Be5 Nc7 21. Bxc7 Rxc7 22. f4 h5 23. Bg2 Nf6 24. h3 Rd8 25. h4 Rcd7 26. Bh3 Ne8 27. b5 axb5 28. Kc3 Nc7 29. Ra7 Na6 30. Kd2 Bf6 31. Ra1 Kg7 32. Kc3 Kf8 33. Kd2 Ke8 34. Ke3 Rb8 35. Bg2 Kd8 36. Bf3 Kc8 37. Bd1 Re7 38. Bf3 Rd7 39. Bd1 Be7 40. Kd2 Nc7 41. Bf3 b6 42. cxb6 Rxb6 43. Ke3 Bb4 44. g4 hxg4 45. Bxg4 f5 46. Bf3 Rh7 47. Rh1 Ra6 48. Rxa6 Nxa6 49. h5 gxh5 50. Rxh5 Rxh5 51. Bxh5 Kd7 52. Na1 Nc7 53. Nc2 Bd6 54. Ne1 Kc8 55. Bf7 Kd7 56. Bh5 Bf8 57. Nf3 Bg7 58. Nd2 Na6 59. Nb3 Bf8 60. Bd1 Nb4 61. Bh5 Kd6 62. Bd1 Bh6 63. Na5 Bxf4+ 64. Kxf4 Nxd3+ 65. Ke3 Nxb2 66. Bb3 1-0

[Event "BL2-West 0506"]
[Site "Germany"]
[Date "2005.12.11"]
[Round "4.6"]
[White "Kober, Thorsten"]
[Black "Boidman, Yuri"]
[Result "1/2-1/2"]
[WhiteElo "2242"]
[BlackElo "2431"]
[PlyCount "89"]
[EventDate "2005.10.23"]
[EventType "team-tourn"]
[EventRounds "9"]
[EventCountry "GER"]
[SourceTitle "EXT 2007"]
[Source "ChessBase"]
[SourceDate "2006.11.23"]
[SourceVersion "1"]
[SourceVersionDate "2006.11.23"]
[SourceQuality "1"]
[WhiteTeam "Gerresheim"]
[BlackTeam "Remagen"]
[WhiteTeamCountry "GER"]
[BlackTeamCountry "GER"]

1. d4 d5 2. Bg5 h6 3. Bh4 c6 4. e3 Qb6 5. b3 e5 6. Nf3 exd4 7. exd4 Be7 8. Bxe7 Nxe7 9. Bd3 Bg4 10. c3 0-0 11. 0-0 Nd7 12. Re1 Rae8 13. Nbd2 Qc7 14. Qc2 Qf4 15. h3 Bf5 16. Re3 Bxd3 17. Qxd3 Nf5 18. Rxe8 Rxe8 19. Re1 Rxe1+ 20. Nxe1 Nd6 21. g3 Qg5 22. Nef3 Qe7 23. Kg2 Ne4 24. Qc2 Qe6 25. Ng1 Ndf6 26. Qd3 g5 27. f3 Nd6 28. g4 Nh7 29. Ne2 Nf8 30. Nf1 Ng6 31. Nfg3 Nh4+ 32. Kf2 f5 33. gxf5 Ndxf5 34. Nxf5 Nxf5 35. Ng3 Nxg3 36. Kxg3 Kg7 37. f4 Qe1+ 38. Kf3 Kf6 39. Qe3 Qxe3+ 40. Kxe3 Kf5 41. fxg5 hxg5 42. Kf3 b6 43. a3 Kf6 44. Kg3 Kf5 45. Kf3 1/2-1/2

[Event "Oberliga NRW 0405"]
[Site "Germany"]
[Date "2005.02.13"]
[Round "7.7"]
[White "Kober, Thorsten"]
[Black "Lamby, Philipp"]
[Result "0-1"]
[WhiteElo "2131"]
[BlackElo "2220"]
[PlyCount "120"]
[EventDate "2004.10.10"]
[EventType "team-tourn"]
[EventRounds "9"]
[EventCountry "GER"]
[SourceTitle "EXT 2006"]
[Source "ChessBase"]
[SourceDate "2005.11.24"]
[SourceVersion "1"]
[SourceVersionDate "2005.11.24"]
[SourceQuality "1"]
[WhiteTeam "Gerresheim"]
[BlackTeam "Aachen"]
[WhiteTeamCountry "GER"]
[BlackTeamCountry "GER"]

1. d4 Nf6 2. Bg5 e6 3. e4 h6 4. Bxf6 Qxf6 5. Nc3 Bb4 6. Qd2 c5 7. a3 Bxc3 8. bxc3 Nc6 9. e5 Qe7 10. f4 b6 11. Nf3 Bb7 12. Bd3 Na5 13. 0-0 0-0-0 14. Qe2 d5 15. Ba6 g6 16. Nd2 Bxa6 17. Qxa6+ Qb7 18. Qb5 Qc6 19. Qa6+ Qb7 20. Qe2 cxd4 21. cxd4 Kb8 22. Rac1 Rc8 23. Rf3 Rc7 24. Nb3 Nc4 25. a4 Rhc8 26. Rc3 a5 27. Rb1 Ka7 28. Na1 Rc6 29. Rcb3 Qe7 30. Qd3 f5 31. Rf1 g5 32. g3 Rg8 33. Kh1 g4 34. c3 h5 35. Nc2 h4 36. Rg1 Rh8 37. Ne3 Qh7 38. Nf1 Rc7 39. Kg2 Qd7 40. Rb5 Qc6 41. Kh1 Na3 42. Rb3 Qxa4 43. Nd2 Nc4 44. Rbb1 Rch7 45. Nf1 hxg3 46. Rxg3 Rh3 47. Qe2 Qa3 48. Qc2 Qe7 49. Qf2 Qh4 50. Kg1 Qe7 51. Qa2 Qa3 52. Qxa3 Nxa3 53. Rb2 Nc4 54. Re2 Ka6 55. Rxh3 Rxh3 56. Ng3 a4 57. Ra2 Kb5 58. Kf1 a3 59. Ke1 Ka4 60. Kd1 Kb3 0-1

[Event "Oberliga NRW 0405"]
[Site "Germany"]
[Date "2004.11.21"]
[Round "3.8"]
[White "Kober, Thorsten"]
[Black "Bruemmer, Frank"]
[Result "1-0"]
[WhiteElo "2131"]
[BlackElo "2237"]
[PlyCount "57"]
[EventDate "2004.10.10"]
[EventType "team-tourn"]
[EventRounds "9"]
[EventCountry "GER"]
[SourceTitle "EXT 2006"]
[Source "ChessBase"]
[SourceDate "2005.11.24"]
[SourceVersion "1"]
[SourceVersionDate "2005.11.24"]
[SourceQuality "1"]
[WhiteTeam "Gerresheim"]
[BlackTeam "Gescher"]
[WhiteTeamCountry "GER"]
[BlackTeamCountry "GER"]

1. d4 e6 2. Nf3 c5 3. c3 Nf6 4. Bg5 Qb6 5. Qb3 Qxb3 6. axb3 Nc6 7. e3 d6 8. Nbd2 Be7 9. Bd3 h6 10. Bh4 g5 11. Bg3 Nh5 12. Nc4 Nxg3 13. hxg3 Rb8 14. dxc5 dxc5 15. Ke2 a6 16. Nb6 Bf6 17. Be4 Na7 18. Nd2 Bd7 19. Ndc4 Bc6 20. Rhd1 Bd8 21. Bxc6+ Nxc6 22. Nd7 Rc8 23. Nxc5 Bc7 24. Nxb7 Ra8 25. b4 0-0 26. Nc5 a5 27. b5 Ne5 28. Nxe5 Bxe5 29. Nd7 1-0

[Event "Kamp Lintfort sim"]
[Site "Kamp Lintfort"]
[Date "2004.??.??"]
[Round "?"]
[White "Karpov, Anatoly"]
[Black "Kober, Thorsten"]
[Result "1-0"]
[WhiteElo "2682"]
[BlackElo "2131"]
[PlyCount "151"]
[EventDate "2004.??.??"]
[EventType "simul"]
[EventRounds "1"]
[EventCountry "GER"]
[SourceTitle "EXT 2007"]
[Source "ChessBase"]
[SourceDate "2006.11.23"]
[SourceVersion "1"]
[SourceVersionDate "2006.11.23"]
[SourceQuality "1"]

1. d4 g6 2. e4 Bg7 3. c4 c5 4. d5 d6 5. Nc3 e5 6. h4 h5 7. Nf3 Nf6 8. Ng5 Nh7 9. Nxh7 Rxh7 10. Be2 Nd7 11. Be3 a6 12. a3 Bh6 13. Bxh6 Rxh6 14. Qd2 Rh7 15. 0-0-0 Rb8 16. Kb1 Qa5 17. f3 Qd8 18. g3 Qe7 19. Rdf1 Nf6 20. b4 b6 21. Kc2 Rb7 22. Rb1 Nd7 23. Qe3 Rc7 24. Rhd1 Kf8 25. bxc5 bxc5 26. Rb2 Kg7 27. Rdb1 Rh8 28. Bd1 Rf8 29. Kd2 Rd8 30. Ba4 Ra7 31. Bc6 Nf6 32. Na4 Qc7 33. Qc3 Ng8 34. Nb6 Bb7 35. Ba4 Ne7 36. Kc1 Nc8 37. f4 f6 38. Qe3 Nxb6 39. Rxb6 Bc8 40. Bc6 Rf8 41. R1b2 Rf7 42. Rb8 Bd7 43. R2b6 Bg4 44. Qb3 exf4 45. gxf4 Re7 46. Qd3 Bc8 47. Kb2 Bg4 48. Ka2 Bc8 49. Rb2 Bg4 50. e5 fxe5 51. fxe5 Bf5 52. Qd2 Bd7 53. Bxd7 Rxd7 54. e6 Rd8 55. Qc3+ Kh7 56. R8b6 Rf8 57. Qg3 Rd8 58. R6b3 Qg7 59. Rg2 Qh6 60. Rb6 Rg7 61. Kb2 g5 62. hxg5 Qg6 63. Qf3 a5 64. Rh2 Kg8 65. Qxh5 Qxh5 66. Rxh5 a4 67. Kc2 Ra7 68. Rh6 Rg7 69. g6 Ra7 70. Kd3 Raa8 71. Rh7 Rab8 72. Rb5 Rxb5 73. cxb5 Rf8 74. Rf7 c4+ 75. Kxc4 Rc8+ 76. Kb4 1-0

[Event "Finkenstein op"]
[Site "Finkenstein"]
[Date "1994.??.??"]
[Round "?"]
[White "Kober, Thorsten"]
[Black "Reschun, Sascha"]
[Result "0-1"]
[WhiteElo "1925"]
[BlackElo "2185"]
[PlyCount "44"]
[EventDate "1994.??.??"]
[EventType "swiss"]
[EventRounds "9"]
[EventCountry "AUT"]
[SourceTitle "EXT 1997"]
[Source "ChessBase"]
[SourceDate "1996.11.15"]
[SourceVersion "1"]
[SourceVersionDate "1996.11.15"]
[SourceQuality "1"]

1. e4 e6 2. d4 d5 3. exd5 exd5 4. Bd3 Nf6 5. Bf4 Be7 6. Nf3 Bg4 7. Nbd2 0-0 8. h3 Bh5 9. 0-0 c5 10. dxc5 Bxc5 11. Nb3 Bb6 12. c3 Nc6 13. g4 Bg6 14. Bxg6 fxg6 15. Bg3 Ne4 16. Kg2 Kh8 17. Nbd4 Qf6 18. Nxc6 bxc6 19. Be5 Qe6 20. Bd4 Bc7 21. Nd2 Qd6 22. Rh1 Nxf2 0-1

[Event "Finkenstein op"]
[Site "Finkenstein"]
[Date "1994.??.??"]
[Round "?"]
[White "Moeschinger, Markus"]
[Black "Kober, Thorsten"]
[Result "0-1"]
[WhiteElo "2055"]
[BlackElo "1925"]
[PlyCount "78"]
[EventDate "1994.??.??"]
[EventType "swiss"]
[EventRounds "9"]
[EventCountry "AUT"]
[SourceTitle "EXT 1997"]
[Source "ChessBase"]
[SourceDate "1996.11.15"]
[SourceVersion "1"]
[SourceVersionDate "1996.11.15"]
[SourceQuality "1"]

1. c4 e6 2. Nc3 d5 3. d4 c6 4. Nf3 Nf6 5. e3 Nbd7 6. Bd3 dxc4 7. Bxc4 b5 8. Be2 a6 9. 0-0 Bb7 10. b3 c5 11. Bb2 Be7 12. dxc5 Nxc5 13. Nd4 0-0 14. a4 b4 15. Nb1 Qc7 16. Nd2 Rfd8 17. Rc1 Rac8 18. Qe1 Qb8 19. f3 Nd5 20. Bc4 Qe5 21. Bxd5 Qxd5 22. Qe2 Bf6 23. Rfd1 e5 24. e4 Qd7 25. Nf5 Qd3 26. Qxd3 Rxd3 27. Nc4 Rxb3 28. Bxe5 Nd3 29. Bxf6 Nxc1 30. Ne7+ Kf8 31. Nxc8 gxf6 32. N8d6 Rc3 33. Na5 Bc6 34. Nf5 Bxa4 35. Rd8+ Be8 36. Rb8 Nd3 37. Kf1 Rc5 38. Nb7 Rxf5 39. Nd6 Re5 0-1